Rap by letter (D) - Statistics

General Stats
  • This quiz has been taken 2 times
  • The average score is 3 of 10
Answer Stats
Hint Answer % Correct
Member of N.W.A., a great rapper and a producer. Dr. Dre
100%
2Pac's song for his mother, released in 1995. Dear Mama
50%
Westside record label, founded in 1991. Death Row Records
50%
Eastside rapper, who has an album called "It's Dark And Hell Is Hot". DMX
50%
Snoop Dogg's first studio album. Doggystyle
50%
A song by Redman and Method Man, released in 1999. Da Rockwilder
0%
A song by 2Pac and Big L, is on Big L's album called "The Big Picture". Deadly Combination
0%
Jay Z's song, released in 1996. Dead Presidents II
0%
Ice Cube's album, released in 1991. Death Certificate
0%
Gang Starr member, who has produced songs for The Notorious B.I.G. and Nas. DJ Premier
0%
No matching quizzes found
Score Distribution
Percent of People with Each Score
Percentile by Number Answered
Your Score History
You have not taken this quiz